<?xml version="1.0" encoding="UTF-8"?>
<collection xmlns="http://www.loc.gov/MARC21/slim">
 <record>
  <leader>04147aam a22004098a 4500</leader>
  <controlfield tag="001">NCT_1019</controlfield>
  <controlfield tag="008">090827s2009                  ||||||viesd</controlfield>
  <datafield tag="999" ind1=" " ind2=" ">
   <subfield code="c">51</subfield>
   <subfield code="d">51</subfield>
  </datafield>
  <datafield tag="020" ind1=" " ind2=" ">
   <subfield code="c">22000</subfield>
  </datafield>
  <datafield tag="082" ind1="0" ind2="4">
   <subfield code="2">23rd ed.</subfield>
   <subfield code="a">616.07</subfield>
   <subfield code="b">Kh406/T.2</subfield>
  </datafield>
  <datafield tag="100" ind1="1" ind2=" ">
   <subfield code="a">Lê Tiến Khoan</subfield>
   <subfield code="e">Chủ biên</subfield>
  </datafield>
  <datafield tag="245" ind1="1" ind2="0">
   <subfield code="a">Lý thuyết thiết bị hình ảnh y tế :</subfield>
   <subfield code="b">Dùng cho dạy nghề Đào tạo Y tế</subfield>
   <subfield code="n">Tập 2</subfield>
   <subfield code="p">Máy siêu âm</subfield>
   <subfield code="c">Lê Tiến Khoan (chủ biên)</subfield>
  </datafield>
  <datafield tag="250" ind1=" " ind2=" ">
   <subfield code="a">Tái bản lần thứ 1</subfield>
  </datafield>
  <datafield tag="260" ind1=" " ind2=" ">
   <subfield code="a">H.</subfield>
   <subfield code="b">Giáo dục</subfield>
   <subfield code="c">2009</subfield>
  </datafield>
  <datafield tag="300" ind1=" " ind2=" ">
   <subfield code="a">127tr.</subfield>
   <subfield code="b">hình vẽ, bảng</subfield>
   <subfield code="c">27cm</subfield>
  </datafield>
  <datafield tag="520" ind1=" " ind2=" ">
   <subfield code="a">Cơ sở về máy siêu âm, các quy luật sóng siêu âm, đầu dò máy siêu âm, dựng hình ảnh và các phương pháp tạo ảnh sóng bằng siêu âm, sơ đồ khối máy siêu âm chẩn đoán, phân tích khối nguồn máy siêu âm chẩn đoán, phân tích khối nguồn máy siêu âm chẩn đoán, phân tích khối monitor, hướng dẫn sử dụng máy siêu âm Logic Q 200, máy siêu âm nghe tim thai</subfield>
  </datafield>
  <datafield tag="655" ind1=" " ind2="7">
   <subfield code="a">Giáo trình</subfield>
  </datafield>
  <datafield tag="942" ind1=" " ind2=" ">
   <subfield code="2">ddc</subfield>
   <subfield code="c">BK</subfield>
  </datafield>
  <datafield tag="952" ind1=" " ind2=" ">
   <subfield code="0">0</subfield>
   <subfield code="1">0</subfield>
   <subfield code="2">ddc</subfield>
   <subfield code="4">0</subfield>
   <subfield code="6">616_070000000000000_KH406_T_2</subfield>
   <subfield code="7">0</subfield>
   <subfield code="9">65</subfield>
   <subfield code="a">000001</subfield>
   <subfield code="b">000001</subfield>
   <subfield code="d">2017-09-30</subfield>
   <subfield code="o">616.07 Kh406/T.2</subfield>
   <subfield code="p">MD.00252</subfield>
   <subfield code="r">2017-09-30</subfield>
   <subfield code="v">22000.00</subfield>
   <subfield code="w">2017-09-30</subfield>
   <subfield code="y">BK</subfield>
  </datafield>
  <datafield tag="952" ind1=" " ind2=" ">
   <subfield code="0">0</subfield>
   <subfield code="1">0</subfield>
   <subfield code="2">ddc</subfield>
   <subfield code="4">0</subfield>
   <subfield code="6">616_070000000000000_KH406_T_2</subfield>
   <subfield code="7">0</subfield>
   <subfield code="9">67</subfield>
   <subfield code="a">000001</subfield>
   <subfield code="b">000001</subfield>
   <subfield code="d">2017-09-30</subfield>
   <subfield code="o">616.07 Kh406/T.2</subfield>
   <subfield code="p">MD.00253</subfield>
   <subfield code="r">2017-09-30</subfield>
   <subfield code="v">22000.00</subfield>
   <subfield code="w">2017-09-30</subfield>
   <subfield code="y">BK</subfield>
  </datafield>
  <datafield tag="952" ind1=" " ind2=" ">
   <subfield code="0">0</subfield>
   <subfield code="1">0</subfield>
   <subfield code="2">ddc</subfield>
   <subfield code="4">0</subfield>
   <subfield code="6">616_070000000000000_KH406_T_2</subfield>
   <subfield code="7">0</subfield>
   <subfield code="9">68</subfield>
   <subfield code="a">000001</subfield>
   <subfield code="b">000001</subfield>
   <subfield code="d">2017-09-30</subfield>
   <subfield code="o">616.07 Kh406/T.2</subfield>
   <subfield code="p">MD.00254</subfield>
   <subfield code="r">2017-09-30</subfield>
   <subfield code="v">22000.00</subfield>
   <subfield code="w">2017-09-30</subfield>
   <subfield code="y">BK</subfield>
  </datafield>
  <datafield tag="952" ind1=" " ind2=" ">
   <subfield code="0">0</subfield>
   <subfield code="1">0</subfield>
   <subfield code="2">ddc</subfield>
   <subfield code="4">0</subfield>
   <subfield code="6">616_070000000000000_KH406_T_2</subfield>
   <subfield code="7">0</subfield>
   <subfield code="9">69</subfield>
   <subfield code="a">000001</subfield>
   <subfield code="b">000001</subfield>
   <subfield code="d">2017-09-30</subfield>
   <subfield code="o">616.07 Kh406/T.2</subfield>
   <subfield code="p">MD.00255</subfield>
   <subfield code="r">2017-09-30</subfield>
   <subfield code="v">22000.00</subfield>
   <subfield code="w">2017-09-30</subfield>
   <subfield code="y">BK</subfield>
  </datafield>
  <datafield tag="952" ind1=" " ind2=" ">
   <subfield code="0">0</subfield>
   <subfield code="1">0</subfield>
   <subfield code="2">ddc</subfield>
   <subfield code="4">0</subfield>
   <subfield code="6">616_070000000000000_KH406_T_2</subfield>
   <subfield code="7">0</subfield>
   <subfield code="9">70</subfield>
   <subfield code="a">000001</subfield>
   <subfield code="b">000001</subfield>
   <subfield code="d">2017-09-30</subfield>
   <subfield code="o">616.07 Kh406/T.2</subfield>
   <subfield code="p">MD.00256</subfield>
   <subfield code="r">2017-09-30</subfield>
   <subfield code="v">22000.00</subfield>
   <subfield code="w">2017-09-30</subfield>
   <subfield code="y">BK</subfield>
  </datafield>
  <datafield tag="952" ind1=" " ind2=" ">
   <subfield code="0">0</subfield>
   <subfield code="1">0</subfield>
   <subfield code="2">ddc</subfield>
   <subfield code="4">0</subfield>
   <subfield code="6">616_070000000000000_KH406_T_2</subfield>
   <subfield code="7">0</subfield>
   <subfield code="9">71</subfield>
   <subfield code="a">000001</subfield>
   <subfield code="b">000001</subfield>
   <subfield code="d">2017-09-30</subfield>
   <subfield code="o">616.07 Kh406/T.2</subfield>
   <subfield code="p">MD.00257</subfield>
   <subfield code="r">2017-09-30</subfield>
   <subfield code="v">22000.00</subfield>
   <subfield code="w">2017-09-30</subfield>
   <subfield code="y">BK</subfield>
  </datafield>
  <datafield tag="952" ind1=" " ind2=" ">
   <subfield code="0">0</subfield>
   <subfield code="1">0</subfield>
   <subfield code="2">ddc</subfield>
   <subfield code="4">0</subfield>
   <subfield code="6">616_070000000000000_KH406_T_2</subfield>
   <subfield code="7">0</subfield>
   <subfield code="9">72</subfield>
   <subfield code="a">000001</subfield>
   <subfield code="b">000001</subfield>
   <subfield code="d">2017-09-30</subfield>
   <subfield code="o">616.07 Kh406/T.2</subfield>
   <subfield code="p">MD.00258</subfield>
   <subfield code="r">2017-09-30</subfield>
   <subfield code="v">22000.00</subfield>
   <subfield code="w">2017-09-30</subfield>
   <subfield code="y">BK</subfield>
  </datafield>
  <datafield tag="952" ind1=" " ind2=" ">
   <subfield code="0">0</subfield>
   <subfield code="1">0</subfield>
   <subfield code="2">ddc</subfield>
   <subfield code="4">0</subfield>
   <subfield code="6">616_070000000000000_KH406_T_2</subfield>
   <subfield code="7">0</subfield>
   <subfield code="9">73</subfield>
   <subfield code="a">000001</subfield>
   <subfield code="b">000001</subfield>
   <subfield code="d">2017-09-30</subfield>
   <subfield code="o">616.07 Kh406/T.2</subfield>
   <subfield code="p">MD.00259</subfield>
   <subfield code="r">2017-09-30</subfield>
   <subfield code="v">22000.00</subfield>
   <subfield code="w">2017-09-30</subfield>
   <subfield code="y">BK</subfield>
  </datafield>
  <datafield tag="952" ind1=" " ind2=" ">
   <subfield code="0">0</subfield>
   <subfield code="1">0</subfield>
   <subfield code="2">ddc</subfield>
   <subfield code="4">0</subfield>
   <subfield code="6">616_070000000000000_KH406_T_2</subfield>
   <subfield code="7">0</subfield>
   <subfield code="9">75</subfield>
   <subfield code="a">000001</subfield>
   <subfield code="b">000001</subfield>
   <subfield code="d">2017-09-30</subfield>
   <subfield code="o">616.07 Kh406/T.2</subfield>
   <subfield code="p">MD.00260</subfield>
   <subfield code="r">2017-09-30</subfield>
   <subfield code="v">22000.00</subfield>
   <subfield code="w">2017-09-30</subfield>
   <subfield code="y">BK</subfield>
  </datafield>
  <datafield tag="952" ind1=" " ind2=" ">
   <subfield code="0">0</subfield>
   <subfield code="1">0</subfield>
   <subfield code="2">ddc</subfield>
   <subfield code="4">0</subfield>
   <subfield code="6">616_070000000000000_KH406_T_2</subfield>
   <subfield code="7">0</subfield>
   <subfield code="9">78</subfield>
   <subfield code="a">000001</subfield>
   <subfield code="b">000001</subfield>
   <subfield code="d">2017-09-30</subfield>
   <subfield code="o">616.07 Kh406/T.2</subfield>
   <subfield code="p">MD.00261</subfield>
   <subfield code="r">2017-09-30</subfield>
   <subfield code="v">22000.00</subfield>
   <subfield code="w">2017-09-30</subfield>
   <subfield code="y">BK</subfield>
  </datafield>
  <datafield tag="952" ind1=" " ind2=" ">
   <subfield code="0">0</subfield>
   <subfield code="1">0</subfield>
   <subfield code="2">ddc</subfield>
   <subfield code="4">0</subfield>
   <subfield code="6">616_070000000000000_KH406_T_2</subfield>
   <subfield code="7">0</subfield>
   <subfield code="9">7468</subfield>
   <subfield code="a">000001</subfield>
   <subfield code="b">000001</subfield>
   <subfield code="d">2018-04-21</subfield>
   <subfield code="o">616.07 Kh406/T.2</subfield>
   <subfield code="p">MD.11773</subfield>
   <subfield code="r">2018-04-21</subfield>
   <subfield code="v">22000.00</subfield>
   <subfield code="w">2018-04-21</subfield>
   <subfield code="y">BK</subfield>
  </datafield>
  <datafield tag="952" ind1=" " ind2=" ">
   <subfield code="0">0</subfield>
   <subfield code="1">0</subfield>
   <subfield code="2">ddc</subfield>
   <subfield code="4">0</subfield>
   <subfield code="6">616_070000000000000_KH406_T_2</subfield>
   <subfield code="7">0</subfield>
   <subfield code="9">7469</subfield>
   <subfield code="a">000001</subfield>
   <subfield code="b">000001</subfield>
   <subfield code="d">2018-04-21</subfield>
   <subfield code="o">616.07 Kh406/T.2</subfield>
   <subfield code="p">MD.10974</subfield>
   <subfield code="r">2018-04-21</subfield>
   <subfield code="v">22000.00</subfield>
   <subfield code="w">2018-04-21</subfield>
   <subfield code="y">BK</subfield>
  </datafield>
  <datafield tag="952" ind1=" " ind2=" ">
   <subfield code="0">0</subfield>
   <subfield code="1">0</subfield>
   <subfield code="2">ddc</subfield>
   <subfield code="4">0</subfield>
   <subfield code="6">616_070000000000000_KH406_T_2</subfield>
   <subfield code="7">0</subfield>
   <subfield code="9">7470</subfield>
   <subfield code="a">000001</subfield>
   <subfield code="b">000001</subfield>
   <subfield code="d">2018-04-21</subfield>
   <subfield code="o">616.07 Kh406/T.2</subfield>
   <subfield code="p">MD.10975</subfield>
   <subfield code="r">2018-04-21</subfield>
   <subfield code="v">22000.00</subfield>
   <subfield code="w">2018-04-21</subfield>
   <subfield code="y">BK</subfield>
  </datafield>
  <datafield tag="952" ind1=" " ind2=" ">
   <subfield code="0">0</subfield>
   <subfield code="1">0</subfield>
   <subfield code="2">ddc</subfield>
   <subfield code="4">0</subfield>
   <subfield code="6">616_070000000000000_KH406_T_2</subfield>
   <subfield code="7">0</subfield>
   <subfield code="9">7471</subfield>
   <subfield code="a">000001</subfield>
   <subfield code="b">000001</subfield>
   <subfield code="d">2018-04-21</subfield>
   <subfield code="o">616.07 Kh406/T.2</subfield>
   <subfield code="p">MD.10976</subfield>
   <subfield code="r">2018-04-21</subfield>
   <subfield code="v">22000.00</subfield>
   <subfield code="w">2018-04-21</subfield>
   <subfield code="y">BK</subfield>
  </datafield>
  <datafield tag="952" ind1=" " ind2=" ">
   <subfield code="0">0</subfield>
   <subfield code="1">0</subfield>
   <subfield code="2">ddc</subfield>
   <subfield code="4">0</subfield>
   <subfield code="6">616_070000000000000_KH406_T_2</subfield>
   <subfield code="7">0</subfield>
   <subfield code="9">7472</subfield>
   <subfield code="a">000001</subfield>
   <subfield code="b">000001</subfield>
   <subfield code="d">2018-04-21</subfield>
   <subfield code="o">616.07 Kh406/T.2</subfield>
   <subfield code="p">MD.11488</subfield>
   <subfield code="r">2018-04-21</subfield>
   <subfield code="v">22000.00</subfield>
   <subfield code="w">2018-04-21</subfield>
   <subfield code="y">BK</subfield>
  </datafield>
  <datafield tag="952" ind1=" " ind2=" ">
   <subfield code="0">0</subfield>
   <subfield code="1">0</subfield>
   <subfield code="2">ddc</subfield>
   <subfield code="4">0</subfield>
   <subfield code="6">616_070000000000000_KH406_T_2</subfield>
   <subfield code="7">0</subfield>
   <subfield code="9">7473</subfield>
   <subfield code="a">000001</subfield>
   <subfield code="b">000001</subfield>
   <subfield code="d">2018-04-21</subfield>
   <subfield code="o">616.07 Kh406/T.2</subfield>
   <subfield code="p">MD.11489</subfield>
   <subfield code="r">2018-04-21</subfield>
   <subfield code="v">22000.00</subfield>
   <subfield code="w">2018-04-21</subfield>
   <subfield code="y">BK</subfield>
  </datafield>
  <datafield tag="952" ind1=" " ind2=" ">
   <subfield code="0">0</subfield>
   <subfield code="1">0</subfield>
   <subfield code="2">ddc</subfield>
   <subfield code="4">0</subfield>
   <subfield code="6">616_070000000000000_KH406_T_2</subfield>
   <subfield code="7">0</subfield>
   <subfield code="9">7474</subfield>
   <subfield code="a">000001</subfield>
   <subfield code="b">000001</subfield>
   <subfield code="d">2018-04-21</subfield>
   <subfield code="o">616.07 Kh406/T.2</subfield>
   <subfield code="p">MD.11490</subfield>
   <subfield code="r">2018-04-21</subfield>
   <subfield code="v">22000.00</subfield>
   <subfield code="w">2018-04-21</subfield>
   <subfield code="y">BK</subfield>
  </datafield>
  <datafield tag="952" ind1=" " ind2=" ">
   <subfield code="0">0</subfield>
   <subfield code="1">0</subfield>
   <subfield code="2">ddc</subfield>
   <subfield code="4">0</subfield>
   <subfield code="6">616_070000000000000_KH406_T_2</subfield>
   <subfield code="7">0</subfield>
   <subfield code="9">7475</subfield>
   <subfield code="a">000001</subfield>
   <subfield code="b">000001</subfield>
   <subfield code="d">2018-04-21</subfield>
   <subfield code="o">616.07 Kh406/T.2</subfield>
   <subfield code="p">MD.11491</subfield>
   <subfield code="r">2018-04-21</subfield>
   <subfield code="v">22000.00</subfield>
   <subfield code="w">2018-04-21</subfield>
   <subfield code="y">BK</subfield>
  </datafield>
  <datafield tag="980" ind1=" " ind2=" ">
   <subfield code="a">Thư viện Trường Đại học Nam Cần Thơ</subfield>
  </datafield>
 </record>
</collection>
